000 00739nam a22002657a 4500
001 BR7316127
003 BR-BrBNA
005 20230928084321.0
007 ta
008 230509b bl.||||| |||| 00| 0 por d
040 _aBR-BrBNA
_bpor
_cBiblioteca Nacional de Agricultura
041 _a(Por)
072 _aH60
_b0332
_b3876
_b/G514
090 _ 0332 BR7316127
100 1 _aKramer, M.
245 1 _aResultados de dois anos do emprego de herbicidas para o controle de ervas no amendoim nas condicoes de Sao Paulo [Brasil]
260 3 _a[np](Brasil):
_c1960.
300 _a12 p.
500 _a6 ref.
650 _aAMENDOIM
650 _aHERBICIDA
650 _aSAO PAULO
909 _a202309
_bLucia
_c55
_dLucia Elande
942 _cBK
999 _c18123
_d18123